Statistics for UK trivia quiz

Click here to take the quiz!

General Stats

  • This quiz has been taken 23 times
    (5 since last reset)
  • The average score is 6 of 13

Answer Stats

HintAnswer% Correct
Name one of the 4 unofficial countries of the United Kingdom.England
100%
What is the legal drinking age in the U.K.?18+
80%
What is the popular building that has a bell inside and has a clock? (Hint: It's in the capital city.)Big Ben
80%
Which continent is Mainland U.K. (Great Britain) in?Europe
80%
What is the capital of the U.K.?London
80%
What do British People drink?Tea
80%
What do they call cookies in the U.K.? (Fun Fact: Their language is English (Traditional))Biscuits
60%
What is the famous geography YouTuber who lives in the United Kingdom? (Big O' Hint: His name is Jack)JackSucksAtGeography
20%
What is the official name of the United Kingdom? (it's way too long)United Kingdom of Great Britain and Northern Ireland
20%
When was the plague spreading?1348
0%
What is the British's greatest extent's name?British Empire
0%
What are the British Territories called?British Overseas Territories
0%
What Eurasian country has military bases that are U.N. (United Nations) and U.K. military bases?Cyprus
0%

Score Distribution

Percentile by Number Answered

Percent of People with Each Score

Your Score History

You have not taken this quiz since the last reset